000 00639nam a2200169Ia 4500
005 20250508151017.0
008 008 250505s9999 xx 000 0 eng d
037 _aBooks to be hide in OPAC
040 _aFEDL
_beng
_cFEDL
041 _aeng
_2eng
084 _qFEDL
245 0 _aFilim utilization: A hand book for leaders in community groups film councils home and school associations parent teacher groups women's clubs and service clubs farm and labour organizations schools colleges church organizations
260 _aNew York, USA
_bThe Educational Film Library
300 _a47p.
942 _cHB
999 _c1327037
_d1327037